Allsvenskan 2025 First XI - Statistics

General Stats
  • This quiz has been taken 28 times
  • The average score is 49 of 176
Answer Stats
Club Position Nationality Player % Correct
Malmö LB Busanello
71%
Malmö CB Pontus Jansson
71%
Malmö FW Isaac Kiese Thelin
67%
Malmö RB Jens Stryger Larsen
67%
Djurgårdens LB Keita Kosugi
67%
Djurgårdens AM Tobias Gulliksen
67%
Djurgårdens CB Jacob Une Larsson
62%
Djurgårdens CB Marcus Danielsson
62%
Djurgårdens FW Tokmac Nguen
62%
Djurgårdens RB Adam Ståhl
57%
Malmö AM Anders Christiansen
57%
Göteborg RB Felix Eriksson
57%
AIK GK Kristoffer Nordfeldt
57%
Hammarby AM Nahir Besara
57%
Hammarby CB Victor Eriksson
57%
Malmö AM Arnór Sigurðsson
52%
Hammarby FW Jusef Erabi
52%
Göteborg FW Max Fenger
52%
Mjällby GK Noel Törnqvist
52%
Göteborg FW Tobias Heintz
52%
Hammarby GK Warner Hahn
52%
Mjällby FW Abdoulie Manneh
48%
Brommapojkarna RB Alex Timossi Andersson
48%
Häcken FW Amor Layouni
48%
AIK CM Aron Csongvai
48%
Norrköping GK David Andersson
48%
Norrköping AM David Moberg Karlsson
48%
Göteborg CB Gustav Svensson
48%
Mjällby RM Herman Johansson
48%
Brommapojkarna CB Hlynur Freyr Karlsson
48%
Malmö DM Lasse Berg Johnsen
48%
Sirius DM Leo Walta
48%
Hammarby DM Markus Karlsson
48%
Malmö DM Otto Rosengren
48%
Sirius FW Robbie Ure
48%
Sirius CB Tobias Karlsson
48%
Värnamo GK Viktor Andersson
48%
Mjällby CM Viktor Gustafsson
48%
Mjällby CB Abdullah Iqbal
43%
Värnamo FW Carl Johansson
43%
Mjällby LM Elliot Stroud
43%
Hammarby RB Hampus Skoglund
43%
Sirius GK Ismael Diawara
43%
Djurgårdens GK Jacob Rinne
43%
Göteborg LB Noah Tolf
43%
Hammarby LB Shaquille Pinas
43%
AIK FW Andronikos Kakoulli
38%
AIK CM Anton Salétros
38%
Göteborg CB August Erlingmark
38%
Elfsborg AM Besfort Zeneli
38%
Norrköping FW Christoffer Nyman
38%
Elfsborg GK Isak Pettersson
38%
Mjällby CM Jesper Gustavsson
38%
Sirius AM Joakim Persson
38%
Mjällby CM Nicklas Røjkjær
38%
Hammarby AM Paulos Abraham
38%
Hammarby CB Pavle Vagić
38%
Malmö AM Taha Abdi Ali
38%
Värnamo RB Victor Larsson
38%
Brommapojkarna FW Victor Lind
38%
Malmö CB Colin Rosler
33%
AIK CB Filip Benković
33%
GAIS FW Gustav Lundgren
33%
AIK RM Mads Døhr Thychosen
33%
Göteborg GK Pontus Dahlberg
33%
Malmö GK Ricardo
33%
Hammarby AM Sebastian Tounekti
33%
Elfsborg CB Terry Yegbe
33%
Hammarby DM Tesfaldet Tekie
33%
Värnamo CM Wenderson
33%
GAIS RB August Wangberg
29%
Värnamo LB Axel Björnström
29%
GAIS CM Axel Henriksson
29%
Mjällby CB Axel Norén
29%
Halmstad CB Bleon Kurtulus
29%
Brommapojkarna RM Daleho Irandust
29%
Mjällby FW Jacob Bergström
29%
AIK FW Johan Hove
29%
GAIS FW Lucas Hedlund
29%
Djurgårdens AM Oskar Fallenius
29%
Göteborg CM Seedy Jagne
29%
Häcken CM Simon Gustafson
29%
Elfsborg AM Simon Hedlund
29%
AIK CB Sotirios Papagiannopoulos
29%
Häcken FW Srđan Hrstić
29%
Elfsborg FW Taylor Silverholt
29%
Häcken LB Adam Lundqvist
24%
Sirius AM Isak Bjerkebo
24%
Halmstad CB Marcus Olsson
24%
GAIS GK Mergim Krasniqi
24%
Elfsborg LB Niklas Hult
24%
Degerfors FW Omar Faraj
24%
Göteborg CM Ramon Lundqvist
24%
Djurgårdens DM Rasmus Schüller
24%
Häcken CM Silas Andersen
24%
Elfsborg DM Simon Olsson
24%
Värnamo CM Simon Thern
24%
AIK CB Thomas Isherwood
24%
Halmstad FW William Granath
24%
Öster FW Alibek Aliev
19%
Häcken GK Andreas Linde
19%
AIK FW Andreas Redkin
19%
Halmstad RM André Boman
19%
Norrköping DM Arnór Ingvi Traustason
19%
Sirius RB Bogdan Milovanov
19%
Djurgårdens DM Daniel Stensson
19%
Göteborg CM David Kjær Kruse
19%
GAIS FW Edvin Becirovic
19%
Göteborg FW Eman Marković
19%
AIK LM Jere Uronen
19%
GAIS CM Kevin Holmén
19%
Värnamo CM Luke Le Roux
19%
Häcken CB Marius Lode
19%
GAIS CB Oskar Ågren
19%
GAIS LB Robin Frej
19%
Öster GK Robin Wallinder
19%
Elfsborg CB Sebastian Holmén
19%
GAIS CM William Milovanovic
19%
Halmstad FW Yannick Agnero
19%
Häcken CB Abdoulaye Faye
14%
Värnamo FW Ajdin Zeljkovic
14%
Brommapojkarna GK Davor Blažević
14%
Brommapojkarna CB Even Hovland
14%
GAIS CB Filip Beckman
14%
Öster CB Ivan Kričak
14%
Mjällby CB Jakob Kiilerich
14%
Halmstad CM Joel Allansson
14%
Norrköping CB Kojo Peprah Oppong
14%
Degerfors CM Nahom Netabay
14%
Djurgårdens AM Patric Åslund
14%
Elfsborg RB Rasmus Wikström
14%
Sirius LB Saba Mamatsashvili
14%
Brommapojkarna CM Serge-Junior Martinsson Ngouali
14%
Halmstad GK Tim Rönning
14%
Sirius CB Tobias Anker
14%
Norrköping LB Yahya Kalley
14%
Degerfors CB Bernardo Morgado
10%
Häcken RB Brice Wembangomo
10%
Degerfors CM Christos Gravius
10%
Öster DM David Seger
10%
Degerfors FW Elias Pihlström
10%
Norrköping AM Ísak Andri Sigurgeirsson
10%
Norrköping DM Ismet Lushaku
10%
Värnamo FW Johnbosco Kalu
10%
Brommapojkarna CM Kevin Ackermann
10%
Degerfors CB Leon Hien
10%
Öster CB Mattis Adolfsson
10%
Norrköping CB Max Watson
10%
Norrköping RB Moutaz Neffati
10%
Halmstad LM Paweł Chrupałła
10%
Degerfors GK Rasmus Forsell
10%
Degerfors CB | RB Sebastian Ohlsson
10%
Öster RB Tatu Varmanen
10%
Öster AM Youssoupha Sanyang
10%
Sirius DM Adam Wikman
5%
Halmstad FW Birnir Ingason
5%
Öster DM Daniel Ask
5%
Degerfors CM Elias Barsoum
5%
Värnamo CB Emin Grozdanic
5%
Brommapojkarna LM Frederik Christensen
5%
Elfsborg AM Gottfrid Rapp
5%
Värnamo CB Johan Rapp
5%
Elfsborg DM Júlíus Magnússon
5%
Öster LB Lukas Bergquist
5%
Degerfors LB Mamadouba Diaby
5%
Öster AM Matias Tamminen
5%
Sirius AM Melker Heier
5%
Halmstad CM Niilo Mäenpää
5%
Öster AM Niklas Söderberg
5%
Brommapojkarna LB Oliver Zandén
5%
Halmstad CB Pascal Gregor
5%
Häcken CM Pontus Dahbo
5%
Norrköping AM Sebastian Jørgensen
5%
Brommapojkarna FW Wilmer Odefalk
5%
Häcken FW Zeidane Inoussa
5%
No matching quizzes found
Score Distribution
Percent of People with Each Score
Percentile by Number Answered
Your Score History
You have not taken this quiz